000
00406nam a2200145Ia 4500
008
100122s9999 xx 000 0 und d
082
_b
65369
_a
824
100
_a
शेवाळकर राम
245
_a
रांगोळी
260
_b
ज्ञानेश प्रकाशन
_c
2003
300
_a
168
630
_a
रांगोळी
730
_a
रांगोळी
942
_c
BOOK
999
_c
438477
_d
438474